[Event "Titled Tuesday intern op 22nd Sept"]
[Site "Chess.com INT"]
[Date "2020.09.22"]
[Round "9"]
[White "Ledakov, Alexandr"]
[Black "Zaksaite, Salomeja"]
[Result "0-1"]
[WhiteElo "2309"]
[BlackElo "2202"]
[PlyCount "140"]
[EventDate "2020.09.22"]
[EventType "swiss (blitz)"]
[EventRounds "10"]
[EventCountry "USA"]
[SourceTitle "CBM 198 Extra"]
[Source "ChessBase"]
[SourceDate "2020.11.30"]
[SourceVersion "1"]
[SourceVersionDate "2020.11.30"]
[SourceQuality "1"]

1. d4 Nf6 2. Nf3 g6 3. Nc3 d5 4. Bf4 Bg7 5. e3 0-0 6. h3 b6 7. g4 Ba6 8. Bxa6 Nxa6 9. Qe2 Nb8 10. 0-0-0 Nbd7 11. Rdg1 c5 12. h4 a6 13. h5 b5 14. hxg6 fxg6 15. g5 Ne4 16. Nxd5 Nb6 17. Nxb6 Qxb6 18. Be5 cxd4 19. exd4 Bxe5 20. Qxe4 Bf4+ 21. Kb1 e6 22. Re1 Rae8 23. Re2 Bb8 24. Rhe1 Rf4 25. Qe3 Qb7 26. Nd2 Rf5 27. Ne4 Bf4 28. Qd3 Bxg5 29. Nf6+ Bxf6 30. d5 Qxd5 31. Qh3 Qd4 32. c3 Qd5 33. Rc2 b4 34. c4 Qd4 35. Qb3 Re5 36. Rec1 Qc5 37. Qa4 a5 38. Qxe8+ Kg7 39. Qd7+ Kg8 40. Qd2 Kg7 41. Re1 Rxe1+ 42. Qxe1 Qf5 43. Qd1 a4 44. b3 a3 45. Kc1 Qf4+ 46. Qd2 Qe5 47. Qe3 Bg5 48. Qxg5 Qxg5+ 49. Rd2 Qg1+ 50. Kc2 Qa1 51. Kd3 Qc3+ 52. Ke2 Qb2 53. Ke3 Kf6 54. Kd3 Qc3+ 55. Ke2 Ke7 56. Rd3 Qc2+ 57. Rd2 Qc3 58. Rd3 Qb2+ 59. Rd2 e5 60. Kd1 Qb1+ 61. Ke2 Ke6 62. Rd3 Qb2+ 63. Rd2 e4 64. Ke3 Qc3+ 65. Ke2 Ke5 66. Rd5+ Kf4 67. Rd2 h5 68. Kd1 h4 69. Rc2 Qa1+ 70. Kd2 h3 0-1